Экологические проблемы мегаполисов и промышленных агломераций: учебное пособие для вузов

Dades bibliogràfiques
Autor corporatiu: Санкт-Петербургский государственный горный институт им. Г. В. Плеханова (технический университет) (СПбГГИ (ТУ))
Altres autors: Пашкевич М. А., Баркан М. Ш., Шариков Ю. В., Дашко Р. Э., Мовчан И. Б.
Sumari:Рассмотрены экологические проблемы негативного воздействия на компоненты природной среды мегаполисов и промышленных агломераций. Проведено математическое моделирование процессов распространения и рассеяния вредных примесей в окружающую среду при наличии стационарных и нестационарных источников выбросов. Исследованы геоэкология подземного пространства мегаполисов, экологические аспекты благоустройства жилых территорий в крупных городах России. Рассмотрены приоритетные направления повышения экологической безопасности дорожно-транспортных систем. Разработаны технологические принципы и варианты утилизации техногенных отходов, содержащих тяжелые цветные металлы, радионуклиды. Предложены технологии рекультивации нарушенных земель, переработки твердых отходов производства. Проведен анализ отечественного и зарубежного опыта экономической оценки минерально-сырьевых ресурсов. Проанализирована ответственность органов исполнительной власти РФ в сфере природопользования и охраны окружающей природной среды. Пособие предназначено для студентов, аспирантов и слушателей Центра дополнительного профессионального образования по направлению 280200 «Защита окружающей среды».
Idioma:rus
Publicat: СПб., Изд-во СПГГУ, 2010
Matèries:
Format: MixedMaterials Llibre
KOHA link:https://koha.lib.tpu.ru/cgi-bin/koha/opac-detail.pl?biblionumber=198040

MARC

LEADER 00000nam0a2200000 4500
001 198040
005 20231101224806.0
010 |a 9785942114558 
035 |a (RuTPU)RU\TPU\book\216009 
090 |a 198040 
100 |a 20110622d2010 m y0rusy50 ca 
101 0 |a rus 
102 |a RU 
105 |a a j 001zy 
200 1 |a Экологические проблемы мегаполисов и промышленных агломераций  |e учебное пособие для вузов  |f М. А. Пашкевич [и др.]  |g Санкт-Петербургский государственный горный институт им. Г. В. Плеханова (технический университет) (СПбГГИ (ТУ)) 
210 |a СПб.  |c Изд-во СПГГУ  |d 2010 
215 |a 202 с.  |c ил. 
320 |a Библиография в конце работ. 
330 |a Рассмотрены экологические проблемы негативного воздействия на компоненты природной среды мегаполисов и промышленных агломераций. Проведено математическое моделирование процессов распространения и рассеяния вредных примесей в окружающую среду при наличии стационарных и нестационарных источников выбросов. Исследованы геоэкология подземного пространства мегаполисов, экологические аспекты благоустройства жилых территорий в крупных городах России. Рассмотрены приоритетные направления повышения экологической безопасности дорожно-транспортных систем. Разработаны технологические принципы и варианты утилизации техногенных отходов, содержащих тяжелые цветные металлы, радионуклиды. Предложены технологии рекультивации нарушенных земель, переработки твердых отходов производства. Проведен анализ отечественного и зарубежного опыта экономической оценки минерально-сырьевых ресурсов. Проанализирована ответственность органов исполнительной власти РФ в сфере природопользования и охраны окружающей природной среды. Пособие предназначено для студентов, аспирантов и слушателей Центра дополнительного профессионального образования по направлению 280200 «Защита окружающей среды». 
606 1 |a Экология города  |2 stltpush  |3 (RuTPU)RU\TPU\subj\39024  |9 59265 
606 1 |a Промышленные регионы  |x Экология  |2 stltpush  |3 (RuTPU)RU\TPU\subj\39146  |9 59338 
610 1 |a мегаполисы 
610 1 |a промышленность 
610 1 |a промышленные агломерации 
610 1 |a экологические риски 
610 1 |a выбросы 
610 1 |a геоэкология 
610 1 |a экологические катастрофы 
610 1 |a оценка 
610 1 |a экологическая безопасность 
610 1 |a рекультивация земель 
610 1 |a техногенные отходы 
610 1 |a утилизация 
610 1 |a переработка 
610 1 |a учебные пособия 
675 |a 504.03(075.8)  |v 3 
701 1 |a Пашкевич  |b М. А. 
701 1 |a Баркан  |b М. Ш. 
701 1 |a Шариков  |b Ю. В. 
701 1 |a Дашко  |b Р. Э. 
701 1 |a Мовчан  |b И. Б. 
712 0 2 |a Санкт-Петербургский государственный горный институт им. Г. В. Плеханова (технический университет) (СПбГГИ (ТУ))  |c (1991- )  |2 stltpush  |3 (RuTPU)RU\TPU\col\54 
801 1 |a RU  |b 63413507  |c 20110622 
801 2 |a RU  |b 63413507  |c 20120210  |g RCR 
942 |c BK